| 000 | 00000nam##2200000za#4500 |
| 001 | 9.669502 |
| 003 | CaOODSP |
| 005 | 20230201095211 |
| 007 | ta |
| 008 | 150407|2007||||xxc||||| f|0| 0 fre|d |
| 020 | |a978-0-662-05314-9 |
| 040 | |aCaOODSP|bfre |
| 041 | |aeng |
| 041 | |afre |
| 043 | |an-cn--- |
| 086 | 1 |aPS64-2/1-2007 |
| 110 | 2 |aGendarmerie royale du Canada. |
| 245 | 13|aLa drogue et le sport / |cService de sensibilisation aux drogues et au crime organisé. |
| 260 | |aOttawa - Ontario : |bGendarmerie royale du Canada |cc2007. |
| 300 | |a1 feuille pliée (texte français, [7]p.) ; |c9 cm. |
| 563 | |aDépliant |
| 590 | |a08-03|b2008-01-18 |
| 691 | 07|aMédicament en vente libre|2gcpds |
| 691 | 07|aSport|2gcpds |
| 776 | 0#|tLa drogue et le sport |w(CaOODSP)9.634817 |
| 776 | 0#|tDrugs and sport |w(CaOODSP)9.690453 |
| 791 | |tDrugs and sport / |eeng|w(CaOODSP)9.669501 |